Synthesis

Na minha lista:
Detalhes bibliográficos
Autor principal: Deutsh, Herbert A.
Formato: Livro
Idioma:Undetermined
Publicado em: New York Alfred Publing Co., Inc. 1976
Assuntos:
Tags: Adicionar Tag
Sem tags, seja o primeiro a adicionar uma tag!
Thư viện lưu trữ: Trung tâm Học liệu Trường Đại học Cần Thơ
LEADER 00467nam a2200181Ia 4500
001 CTU_82905
008 210402s9999 xx 000 0 und d
082 |a 302.12 
082 |b D485 
100 |a Deutsh, Herbert A. 
245 0 |a Synthesis 
245 0 |c Herbert A. Deutsh 
260 |a New York 
260 |b Alfred Publing Co., Inc. 
260 |c 1976 
650 |a Synthesis 
904 |i QHieu(sửa) 
980 |a Trung tâm Học liệu Trường Đại học Cần Thơ